000 00585cam a22002054a 4500
005 20250605164158.0
008 250528s ||||||||||||||||||||||||d
035 _a19678
020 _a9607623460
040 _aGR-AtMCL
_bgre
_dGR-AtMCL
_eAACR2
245 1 _aΜΗΧΑΝΟΓΡΑΦΗΜΕΝΗ ΛΟΓΙΣΤΙΚΗ / ΚΕΦΑΛΑΙΟ 4
250 _a3
260 _bΓερμανος,
_c2006
300 _a606
700 1 _aΚαραγιωργος Θεοφανης
_95884
700 1 _aΠετριδης Ανδρεας
_95886
942 _cBK
999 _c4934
_d4934